|
|
|
|
| LEADER |
00000nam2a2200000 4500 |
| 001 |
305123 |
| 005 |
20231102001753.0 |
| 010 |
|
|
|a 9785936230103
|
| 035 |
|
|
|a (RuTPU)RU\TPU\book\330389
|
| 035 |
|
|
|a RU\TPU\book\301159
|
| 090 |
|
|
|a 305123
|
| 100 |
|
|
|a 20150924d2015 km y0rusy50 ca
|
| 101 |
0 |
|
|a rus
|
| 102 |
|
|
|a RU
|
| 105 |
|
|
|a a z 001zd
|
| 200 |
0 |
|
|a Вып. 28
|
| 210 |
|
|
|d 2015
|
| 215 |
|
|
|a 225 с.
|c ил.
|
| 320 |
|
|
|a Сведения об авторах: с. 223-224.
|
| 330 |
|
|
|a Очередной выпуск сборника «Ветераны» посвящен 70-летию Победы советского народа в Великой Отечественной войне. Вниманию читателей предлагаются материалы о социальной поддержке ветеранов войны и приравненных к ним категорий со стороны ОАО «НК «Роснефть» и Совета ветеранов компании, биографические заметки об участниках войны-членах Совета пенсионеров-ветеранов войны и труда ОАО «НК «Роснефть», а также неучтенных ранее героев-нефтяников из Башкортостана; приводятся списки членов Совета, приравненных к участникам Великой Отечественной войны. Также в издании опубликован «Фронтовой дневник» работника Наркомата нефтяной промышленности СССР, крупного ученого-газовика И.Е. Ходановича. В специальную подборку собраны воспоминания «детей войны» - нефтяников, в детском возрасте переживших страшные испытания. В рубрике «Из истории развития нефтяной и газовой промышленности» опубликована статья, посвященная 50-летию установления профессионального праздника -«Дня работников нефтяной и газовой промышленности» и 80-летию бывшей кафедры транспорта и хранения нефти Российского государственного университета нефти и газа имени И.М. Губкина.Традиционно в сборнике содержаться поздравления крупным нефтяникам. Отдельно публикуются памятные статьи об ушедших из жизни коллегах.
|
| 461 |
|
1 |
|0 (RuTPU)RU\TPU\book\140670
|t Ветераны
|o воспоминания
|f Нефтяная компания "Роснефть"
|v Вып. 28
|d 1991-
|s Из истории развития нефтяной и газовой промышленности
|
| 606 |
1 |
|
|a Нефтегазовое дело
|x История
|2 stltpush
|3 (RuTPU)RU\TPU\subj\64626
|9 81435
|
| 610 |
1 |
|
|a нефтяная промышленность
|
| 610 |
1 |
|
|a ветераны
|
| 610 |
1 |
|
|a воспоминания
|
| 610 |
1 |
|
|a нефтяники
|
| 610 |
1 |
|
|a 20 век
|
| 610 |
1 |
|
|a нефть
|
| 610 |
1 |
|
|a нефтегазоносность
|
| 610 |
1 |
|
|a нефтяной газ
|
| 610 |
1 |
|
|a новые технологии
|
| 610 |
1 |
|
|a Великая Отечественная война 1941-1945
|
| 675 |
|
|
|a 622.323(09)
|v 3
|
| 801 |
|
1 |
|a RU
|b 63413507
|c 20100607
|
| 801 |
|
2 |
|a RU
|b 63413507
|c 20151006
|g RCR
|
| 942 |
|
|
|c BK
|